Представление документа в формате RUSMARC

ПолеНазваниеЗначение
  Тип записи a
  Библиографический уровень c
001 Контрольный номер cdf4d43c47324bdd8f7746c96094920e
005 Дата корректировки 20240410121214.3
010 Индекс ISBN __
a ISBN 978-5-17-091276-6
b Уточнения в пер.
9 Тираж 4000 экз.
d Цена 232-00
100 Данные общей обработки __
a Данные общей обработки 20220505d2018 cd y0rusy028902 ca
101 Язык документа 0_
a Язык текста rus
102 Страна публикации __
a Страна публикации RU
105 Кодированные данные (монография) __
a Кодированные данные (монография) y z 000ay
181 Поле кодированных данных: вид содержания _0
a Код вида содержания (ISBD) i
182 Поле кодированных данных: тип средства _0
a Код типа средства (ISBD) n
200 Заглавие и сведения об ответственности 1_
a Заглавие Сто рассказов о войне
e Сведения, относящиеся к заглавию сборник
e Сведения, относящиеся к заглавию для младшего и среднего школьного возраста
f Первые сведения об ответственности Сергей Алексеев
203 Вид содержания и тип средства __
a Вид содержания Текст
c Тип средства непосредственный
210 Выходные данные 1_
a Место издания Москва
c Издательство АСТ
d Дата издания 2018
215 Физическое описание __
a Объем 348, [1] с.
d Формат 21 см
225 Серия 2_
a Серия Школьное чтение
e Сведения, относящиеся к заглавию серии ШЧ
225 Серия 2_
a Серия Одобрено лучшими учителями
330 Аннотация __
a Аннотация В книгу известного писателя, классика детской литературы С. П. Алексеева вошли рассказы о Великой Отечественной войне, о мужестве нашего народа в дни тяжких испытаний, о великих подвигах простых солдат и командиров. Начинается книга рассказом об обороне Брестской крепости, а заканчивается рассказом "Знамя Победы".
333 Примечание о целевом назначении __
a Примечание о целевом назначении 6+. Для детей старше шести лет
464 Аналитический уровень _0
1 2001
a Брестская крепость
464 Аналитический уровень _0
1 2001
a Лиепая
464 Аналитический уровень _0
1 2001
a Капитан Гастелло
464 Аналитический уровень _0
1 2001
a Дерзость
464 Аналитический уровень _0
1 2001
a Колючее слово
464 Аналитический уровень _0
1 2001
a Имение
464 Аналитический уровень _0
1 2001
a Два танка
464 Аналитический уровень _0
1 2001
a Полным полно
464 Аналитический уровень _0
1 2001
a Лесная дорога
464 Аналитический уровень _0
1 2001
a Испаряются
517 Другие варианты заглавия 1_
a Другие варианты заглавия 100 рассказов о войне
606 Тематические рубрики __
2 Код системы nlr_sh
a Основная рубрика Художественная литература
606 Тематические рубрики __
2 Код системы nlr_sh
a Основная рубрика Русская литература XX в. (произведения)
610 Ключевые слова 0_
a Ключевые слова русская литература
610 Ключевые слова 0_
a Ключевые слова детская литература
610 Ключевые слова 0_
a Ключевые слова подростковая литература
610 Ключевые слова 0_
a Ключевые слова рассказы
610 Ключевые слова 0_
a Ключевые слова рассказы для детей
610 Ключевые слова 0_
a Ключевые слова рассказы для подростков
610 Ключевые слова 0_
a Ключевые слова военная проза
610 Ключевые слова 0_
a Ключевые слова тема Второй мировой войны
610 Ключевые слова 0_
a Ключевые слова Вторая Мировая война
610 Ключевые слова 0_
a Ключевые слова тема Великой Отечественной войны
610 Ключевые слова 0_
a Ключевые слова Великая Отечественная война
610 Ключевые слова 0_
a Ключевые слова тема войны
610 Ключевые слова 0_
a Ключевые слова войны
610 Ключевые слова 0_
a Ключевые слова тема героизма
610 Ключевые слова 0_
a Ключевые слова героизм
610 Ключевые слова 0_
a Ключевые слова тема патриотизма
610 Ключевые слова 0_
a Ключевые слова патриотизм
686 Индексы других классификаций __
2 Код системы rubbks
a Классификационный индекс ст84(2=411.2)6-4
700 Автор _1
a Фамилия Алексеев
b Имя С. П.
f Даты 1922-2008
g Полное личное имя Сергей Петрович
4 Код отношения 070
801 Источник записи _0
a Страна RU
b Организация Муниципальное бюджетное учреждение культуры "Централизованная библиотечная система" г. Сургут (Центральная городская библиотека им. А. С. Пушкина)
c Дата составления 20220505
g Правила каталогизации PSBO
801 Источник записи _1
a Страна RU
b Организация Муниципальное бюджетное учреждение культуры "Централизованная библиотечная система" г. Сургут (Центральная городская библиотека им. А. С. Пушкина)
c Дата составления 20220505
g Правила каталогизации PSBO
852 Данные о местонахождении __
i Авторский знак А 47
j Шифр хранения ст84(2=411.2)6-4
900 Макрообъекты __
a Макрообъекты Сто рассказов о войне. Алексеев, С., 2018
901 Тип документа __
a Ответственный КиК/Обаева
t Тип документа x
903 Характеристики (МАРС) __
a Дата передачи 20220505
c Наименование библиотеки (МАРС) Муниципальное бюджетное учреждение культуры "Централизованная библиотечная система" г. Сургут (Центральная городская библиотека им. А. С. Пушкина)
969 Тип издания __
a Тип издания издание для детей
a Тип издания издание для подростков
990 Данные о заказе (DOS) __
j Количество экземпляров (DOS) 1
t N записи в КСУ для И/У (DOS) 202205